000 00779nam a2200205 a 4500
001 BRCA_3688
005 20190320204401.0
008 040909s1985----mx-a---###---#000-0#spa-#
041 _aspa
044 _amx
050 4 _aN5230.L3
_b.O27 1985
245 1 0 _aObras selectas de pintores extranjeros en la colección Licio Lagos
_cproyecto y realización Graciela Romandía de Cantú ; diseño José Rosales Banda.
260 _aMéxico
_bL. Lagos
_c1985
300 _a1 v. (sin paginación)
_bil. a color, 24 láminas
_c31 cm.
600 1 4 _aLagos Teran, Licio
_d1902-1992
_xColecciones de arte
_99573
650 1 4 _aPintura
_vExposiciones
_xColecciones privadas
_zMéxico
_99574
700 1 _aRomandía de Cantú, Graciela
_9817
700 1 _aRosales Banda, José
_99575
942 _2lcc
_cB
999 _c3419
_d3419